Statistieken voor De 10 Belangrijkste Nederlande Wetenshappers

Klik hier om de quiz te nemen!

Algemene statistieken

  • Deze quiz is 11 keer genomen
  • De gemiddelde score is 4 van 10

Antwoordstatistieken

HintAntwoord% Correct
microbilogieAntoni van Leeuwenhoek
100%
theoloog,filosoofDesiderius Erasmus
78%
fysica & wiskundeChritaan Huygens
67%
filosoofBaruch Spinoza
56%
wiskundige theorieHendrik Lorentz
44%
wis-, natuurkunde
(Vlaams)
Simon Stevin
44%
ethologieNiko Tinbergen
22%
chemieJacobus van 't Hoff
11%
natuurkundeJohannes Diderik van der Waals
11%
mechanicaWarner Koiter
11%

Scoreverdeling

Percentiel versus Aantal Correcte Antwoorden

Procent van Mensen met Elke Score

Uw Scoregeschiedenis

U heeft deze quiz nog niet genomen